| 000 | 00697nam a2200217 i 4500 | ||
|---|---|---|---|
| 001 | 149400 | ||
| 003 | ES-MaACL | ||
| 005 | 20250522164634.0 | ||
| 007 | t| | ||
| 008 | 071022s1986 sp ||||1| spa d | ||
| 020 | _a84-85641-92-2 | ||
| 100 | 1 |
_aVarela, Julia. _9113140 |
|
| 245 | 1 | 4 |
_aLas redes de la psicología _b: análisis sociológico de los códigos médicos-psicológicos / _cJulio Varela, Fernando Alvarez-Uría. |
| 260 |
_aMadrid : _bEdiciones libertarias, _c1986. |
||
| 300 |
_a187 p. ; _c20 cm. |
||
| 490 | 1 |
_aEnsayo ; _v9 |
|
| 700 | 1 |
_aAlvarez-Uría, Fernando _9179408 |
|
| 830 | 0 |
_aEnsayo ; _v9 _9177699 |
|
| 852 |
_aES-MaACL _jL-10871 _bR.112603 |
||
| 999 |
_c149400 _d149400 |
||